Every Class 2 New Mexico Senator - Statistics

General Stats
  • This quiz has been taken 21 times
  • The average score is 4 of 8
Answer Stats
Picture Hint Answer % Correct
D(2021-) Ben Ray Luján
100%
D(2009-2021) Tom Udall
75%
R(1912-1921) Albert B. Fall
50%
R(1973-2009) Pete V. Domenici
50%
D(1933-1949) Carl A. Hatch
25%
D(1949-1973) Clinton P. Anderson
25%
R(1921-1925) Holm O. Bursum
25%
D(1925-1933) Sam G. Bratton
25%
No matching quizzes found
Score Distribution
Percent of People with Each Score
Percentile by Number Answered
Your Score History
You have not taken this quiz